Protección a la infancia y represión de la mendicidad (Record no. 21401)

MARC details
000 -LEADER
campo de control de longitud fija 00660nam a2200181 i 4500
001 - NÚMERO DE CONTROL
campo de control 21401
003 - IDENTIFICADOR DE NÚMERO DE CONTROL
campo de control ES-MaACL
005 - FECHA Y HORA DE LA ÚLTIMA TRANSACCIÓN
campo de control 20230906152454.0
007 - CAMPO FIJO DE DESCRIPCIÓN FÍSICA--INFORMACIÓN GENERAL
campo de control de longitud fija t|
008 - DATOS DE LONGITUD FIJA--INFORMACIÓN GENERAL
campo de control de longitud fija 021125s1911 sp ||||1| spa d
100 1# - ENTRADA PRINCIPAL--NOMBRE DE PERSONA
Nombre de persona Albó y Martí, Ramón.
9 (RLIN) 19405
245 10 - MENCIÓN DEL TÍTULO
Título Protección a la infancia y represión de la mendicidad
Resto del título : ponencia presentada a la Junta Provincial de Barcelona /
Mención de responsabilidad, etc. por los vocales, Ramón Albó Marti y Francisco Puig y Alfonso.
260 ## - PUBLICACIÓN, DISTRIBUCIÓN, ETC.
Lugar de publicación, distribución, etc. Barcelona :
Nombre del editor, distribuidor, etc. [s.n.,
Fecha de publicación, distribución, etc. 1911]
300 ## - DESCRIPCIÓN FÍSICA
Extensión 44 p. ;
Dimensiones 24 cm.
650 #4 - PUNTO DE ACCESO ADICIONAL DE MATERIA--TÉRMINO DE MATERIA
Término de materia o nombre geográfico como elemento de entrada Protección de menores-
Subdivisión geográfica España.
9 (RLIN) 153120
700 1# - ENTRADA AGREGADA--NOMBRE PERSONAL
Nombre de persona Puig y Alfonso, Francisco.
9 (RLIN) 94285
852 ## - LOCALIZACIÓN
Ubicación ES-MaACL
Número de control de estantería T-1245-F-3
Holdings
Estatus retirado Estado de pérdida Estado de daño No para préstamo Colección Biblioteca de origen Biblioteca actual Ubicación en estantería Fecha de adquisición Fuente de adquisición Total de préstamos Signatura topográfica completa Código de barras Visto por última vez Precio de reemplazo Tipo de ítem Koha
        Colección de folletos Biblioteca del Ateneo de Madrid Biblioteca del Ateneo de Madrid Depósito folletos 17/01/2008     T-1245-F-3 1021988 23/02/2023 23/02/2023 Folleto